Missing Word: 1980s 'T' Song Endings Quiz Stats

 Plays Quiz Updated Mar 13, 2018

Score 0/20 Timer 04:00
0 Plays Today
Song Missing Word % Correct
Time After _____Time
99%
Every Breath You _____Take
97.7%
I Saw Him Standing _____There
97.4%
Don't Shed A _____Tear
96.9%
Everybody Have Fun _____Tonight
93.1%
Sweet Dreams
(Are Made Of _____)
This
91.2%
Wild _____Thing
86.7%
Girl You Know It's _____True
80.7%
Hold On _____Tight
78.9%
Hangin' _____Tough
74%
Song Missing Word % Correct
Hot For _____Teacher
72.4%
Invisible _____Touch
66.9%
You Might _____Think
66%
Small _____Town
65.1%
Crazy _____Train
64.7%
Young _____Turks
46.4%
Super _____Trouper
44.2%
One More _____Try
39.1%
It's _____Tricky
32.5%
Two _____Tribes
26.5%

Today's Daily Dose

Missing Word
Wicked Songs

Word Ladder
Blue Ivies

Get the Picture
Green on the Flag?

You're not logged in!

Compare scores with friends on all Sporcle quizzes.
OR
Log In

You Might Also Like...

Show Comments

Extras

Top Quizzes Today


Score Distribution

Your Account Isn't Verified!

In order to create a playlist on Sporcle, you need to verify the email address you used during registration. Go to your Sporcle Settings to finish the process.

Report this User

Report this user for behavior that violates our Community Guidelines.

Details: